000 00827nam a2200265 a 4500
001 67827
003 BD-RjUL
005 20211209081710.0
008 170329s19911966nyua 001 0 eng
035 _a(BD-RjUL)68036
040 _aDLC
_cDLC
_dBD-RjUL
_beng
041 _aeng
082 0 0 _a534
_223
_bKIF 1991
100 1 _aKinsler, Lawrence E.
_9201077
245 1 0 _aFundamentals of acoustics /
_cLawrence E. Kinsler and Austin R. Frey.
250 _a2d ed.
260 _aNew York :
_bWiley,
_c1966 [reprinted 1991]
300 _a524 p. :
_bill. ;
_c24 cm.
650 0 _aSound-waves.
_9200542
650 0 _aSound
_xEquipment and supplies.
_9164367
650 0 _aArchitectural acoustics.
_9201078
650 0 _aUnderwater acoustics.
_9201079
700 1 _aFrey, Austin R.
_q(Austin Rogers),
_d1897-
_9201080
942 _2ddc
_cBK
999 _c67827
_d67827